The Best Scorers Of Eanglish Premier League 2022/23 - Statistics

General Stats
  • This quiz has been taken 56 times
  • The average score is 13 of 30
Answer Stats
Gole Answer % Correct
36 Haaland
95%
19 Salah
91%
17 Rashford
80%
30 Kane
77%
10 Son
75%
11 Foden
64%
14 Saka
59%
9 Nunez
57%
11 Jesus
52%
20 Toney
52%
10 Isak
50%
11 Firmino
48%
15 Martinelli
45%
15 Watkins
43%
18 Wilson
43%
15 Odegaard
41%
9 Alvarez
32%
8 Fernandes
32%
10 Maddison
32%
11 Almiron
30%
14 Mitrovic
23%
10 Mac Allister
20%
8 Trossard
20%
13 Barnes
18%
10 Eze
14%
9 Mbeumo
14%
9 Ward Prowse
14%
9 Gross
11%
10 Awoniyi
9%
13 Rodrigo
9%
No matching quizzes found
Score Distribution
Percent of People with Each Score
Percentile by Number Answered
Your Score History
You have not taken this quiz